Diversos y desiguales : (Record no. 22913)

000 -CABECERA
fixed length control field 01564nam a22002777i 4500
003 - IDENTIFICADOR DEL NÚMERO DE CONTROL
control field AR-CdUCM
008 - DATOS DE LONGITUD FIJA--INFORMACIÓN GENERAL
fixed length control field 240522b20222022 pe||||| |||| 00| 0 spa d
020 ## - NÚMERO INTERNACIONAL ESTÁNDAR DEL LIBRO
ISBN 978-612-49021-6-1
040 ## - FUENTE DE LA CATALOGACIÓN
Agencia/entidad que catalogó originalmente la obra MUNICIPALIDAD PROVINCIAL DEL CUSCO
Entidad que transcribió la catalogación BIBLIOTECA MUNICIPAL DEL CUSCO
082 ## - NÚMERO DE LA CLASIFICACIÓN DECIMAL DEWEY
No. de Clasificación 379.85 / E32
Notacion interna E32
100 ## - ENTRADA PRINCIPAL--NOMBRE DE PERSONA
Nombre Personal Eguren, Mariana.
245 ## - MENCIÓN DE TÍTULO
Título Diversos y desiguales :
Resto del título Doscientos años de escuela pública en el Perú /
260 ## - PUBLICACIÓN, DISTRIBUCIÓN, ETC.
Lugar de publicación, distribución, etc. Lima :
Nombre de la editorial, distribuidor, etc. Ministerio de Cultura del Perú,
-- Proyecto Especial Bicentenario de la Independencia del Perú,
Fecha de publicación, distribución, etc. 2022
300 ## - DESCRIPCIÓN FÍSICA
Nº de Páginas Extensión 180 páginas. :
Dimensiones 21 cm.
500 ## - NOTA GENERAL
Bibliografía Bibliografía: páginas 167 - 176
505 ## - NOTA DE CONTENIDO CON FORMATO
Nota de contenido formateada Estado y educación pública: recuento histórico -- La era liberal -- La república aristocrática y la educación -- El Ministerio de Educación y su ley orgánica -- Odría: construcciones escolares y pedagogía oficial -- La reforma de la educación bajo Velazco -- Educación y equidad -- Otras modalidades del sistema educativo -- Qué se enseña, qué se aprende -- Medición de aprendizajes -- La irrupción de la pandemia
650 ## - PUNTO DE ACCESO ADICIONAL DE MATERIA--TÉRMINO DE MATERIA
Descriptor Estado y educación pública: recuento histórico
9 (RLIN) 49926
650 ## - PUNTO DE ACCESO ADICIONAL DE MATERIA--TÉRMINO DE MATERIA
Descriptor La república aristocrática y la educación
9 (RLIN) 49927
650 ## - PUNTO DE ACCESO ADICIONAL DE MATERIA--TÉRMINO DE MATERIA
Descriptor El Ministerio de Educación y su ley orgánica
9 (RLIN) 49928
650 ## - PUNTO DE ACCESO ADICIONAL DE MATERIA--TÉRMINO DE MATERIA
Descriptor Odría: construcciones escolares y pedagogía oficial
9 (RLIN) 49929
700 ## - PUNTO DE ACCESO ADICIONAL--NOMBRE DE PERSONA
Nombre Personal Carolina de Belaúnde
9 (RLIN) 49930
700 ## - PUNTO DE ACCESO ADICIONAL--NOMBRE DE PERSONA
Nombre Personal Natalia González
9 (RLIN) 49931
856 ## - LOCALIZACIÓN Y ACCESO ELECTRÓNICOS
Dirección electrónica www.bicentenario.gob.pe/biblioteca
942 ## - ELEMENTOS DE PUNTO DE ACCESO ADICIONAL (KOHA)
Fuente de clasificación
Tipo de item Libros-BMC
945 ## - PROCESAMIENTO DE INFORMACIÓN LOCAL (OCLC)
Catalogador pbj
AAAA-MM-DD - Fecha de ingreso o modificacion 2024-05-22
Holdings
Estado de retiro (separado) Fuente de clasificación o esquema de estanterías Estado dañado Ubicación Sala donde se ubica Nombre de la colección Fecha de adquisición o compra Fuente de adquisición Costo, precio normal en soles Signatura topográfica Código de Barras Última vez visto (Koha) Tipo de ítem (Koha)
No     Sala Humanidades Sala Humanidades Book Cart 2024-05-22 Depósito Legal 20.00 379.85 / E32 SH0000016750 2024-05-22 Libros-BMC

Powered by Koha